00485 2200193 4500001002100000005001500021035002000036007000300056008004100059020001800100082000800118084001400126100002200140245003800162260004000200300002400240650001100264990001600275INLIS00000000000024620231115013316 a0010-1123000014ta231115 b 0 ind  a978-28-0188-0 a530 a530 ANI c0 aAnis Dyah Rufaida1 aCiri - Ciri Benda di Sekitar Kita aYogyakarta :bIntan Pariwara,c2009 a36p :bilus ;c25cm 4aFisika a00000000538